LDR 00822naa#a2200229#i#450# 001 EN\\bibl\121628 005 20260513141904.3 011 ## _a0536-101X 100 ## _a20251226b2025####ek#y0engy0150####ca 101 0# _aRUS 102 ## _aRU 200 1# _aA Geoinformatics Approach to Solving the Problem of Geometrically Fair Division of the Caspian Seabed Between the Caspian States _eJournal article 210 1# _aMoscow _cMIIGAiK _d2025 215 ## _a12 с. 608 ## _aJournal article _2local 675 ## _aКартография (текстовые материалы). 528.9 _zRUS 686 ## _aКартография. 36.33 _2grnti 700 #1 _aLorens _gSerzh Aleksandrovich 700 #1 _aRudenko _gValentina Mihaylovna 700 #1 _aChelyapina _gOl'ga Ivanovna 700 #1 _aMarhabatov _gNurlan Darhanuly 856 4# _amiigaik.editorum.ru _u